La República perdida I /
Documental acerca de la Historia Argentina que abarca el periodo comprendido entre 1930 y 1976.
Guardado en:
| Autor Principal: | |
|---|---|
| Formato: | |
| Publicado: |
Argentina,
1983.
|
| Materias: | |
| Etiquetas: |
Agregar Etiqueta
Sin Etiquetas, Sea el primero en etiquetar este registro!
|
| LEADER | 00854ngm a22002535g 4500 | ||
|---|---|---|---|
| 001 | CEM.cems023055 | ||
| 008 | 130507s1983##################0###0#####d | ||
| 005 | 20241209160439.0 | ||
| 245 | 1 | 0 | |a La República perdida I / |c Miguel Perez. |
| 260 | |a Argentina, |c 1983. | ||
| 300 | |a 146'. | ||
| 500 | |a Consultar en ventanilla. | ||
| 520 | |a Documental acerca de la Historia Argentina que abarca el periodo comprendido entre 1930 y 1976. | ||
| 538 | |a Soporte: DVD - Color: Si - Grabación DRD 2012 | ||
| 590 | |a Identificación SIABUC: DVD Nº 50 | ||
| 100 | 1 | |a Perez, Miguel | |
| 082 | 9 | 8 | |. 06/GRE-1 |
| 653 | |a HISTORIA | ||
| 653 | |a HISTORIA ARGENTINA | ||
| 653 | |a LA REPUBLICA PERDIDA | ||
| 653 | |a NIVEL PRIMARIO | ||
| 653 | |a NIVEL SECUNDARIO | ||
| 653 | |a DOCUMENTAL | ||
| 859 | |a CEMS |b BIB. CEMS - Depto. Recursos Didacticos |h 982.06 |i GRE-1 |k DRD |p 1698.12 |t Ej.1 | ||
